Statistics for Typing Challenge 100 in 35 seconds

Click here to take the quiz!

General Stats

  • This quiz has been taken 29 times
  • The average score is 54 of 100

Answer Stats

answernumber% Correct
11
100%
1111
100%
1212
100%
22
100%
33
100%
44
100%
55
100%
66
100%
77
100%
88
100%
99
100%
1010
93%
1717
93%
2121
93%
2323
93%
1313
87%
1414
87%
1515
87%
1616
87%
1818
87%
1919
87%
2020
87%
2222
87%
2626
87%
2727
87%
2424
80%
2525
80%
2828
80%
2929
80%
3939
80%
3131
73%
3333
73%
4444
73%
3030
67%
3232
67%
3434
67%
3737
67%
3838
67%
4343
67%
5454
67%
5555
67%
3535
60%
3636
60%
4040
60%
4141
60%
4242
60%
5151
60%
5050
53%
6464
53%
6666
53%
4545
47%
4747
47%
4949
47%
5252
47%
5353
47%
5656
47%
4646
40%
4848
40%
5757
40%
5858
40%
6161
40%
6565
40%
6767
40%
5959
33%
6060
33%
6262
33%
6363
33%
7474
33%
7777
33%
100100
27%
6868
27%
6969
27%
7171
27%
7575
27%
8181
27%
8282
27%
8484
27%
9090
27%
9292
27%
7070
20%
7272
20%
7373
20%
7676
20%
7878
20%
7979
20%
8383
20%
8888
20%
9191
20%
9797
20%
9999
20%
8080
13%
8585
13%
8787
13%
8989
13%
9393
13%
9494
13%
9595
13%
9696
13%
9898
13%
8686
7%

Score Distribution

Percentile by Number Answered

Percent of People with Each Score

Your Score History

You have not taken this quiz